El sector público en la planificación del desarrollo / (Record no. 52960)

MARC details
000 -CABECERA
campo de control de longitud fija 00674nam a2200229 a 4500
005 - FECHA Y HORA DE LA ÚLTIMA TRANSACCIÓN
campo de control 20240925064816.0
008 - ELEMENTOS DE LONGITUD FIJA--INFORMACIÓN GENERAL
campo de control de longitud fija 991125s1989 mx 000 0 spa u
020 ## - NÚMERO INTERNACIONAL NORMALIZADO PARA LIBROS
Número Internacional Estándar del Libro 9682304180
035 ## - NÚMERO DE CONTROL DEL SISTEMA
Número de control de sistema UPN01000052960
049 ## - COLECCIÓN
Colección CG
050 #4 - SIGNATURA TOPOGRÁFICA DE LA BIBLIOTECA DEL CONGRESO
Número de clasificación HD85 E8
Número de documento/Ítem C5.8 1989
100 1# - ASIENTO PRINCIPAL--NOMBRE PERSONAL
Nombre de persona Cibotti, Ricardo
245 13 - MENCIÓN DE TÍTULO
Título El sector público en la planificación del desarrollo /
Mención de responsabilidad, etc. Ricardo Cibotti, Enrique Sierra.
250 ## - MENCIÓN DE EDICIÓN
Mención de edición 15a ed.
260 ## - PUBLICACIÓN, DISTRIBUCIÓN, ETC.
Lugar de publicación, distribución, etc. México :
Nombre del editor, distribuidor, etc. Siglo XXI,
Fecha de publicación, distribución, etc. 1989.
300 ## - DESCRIPCIÓN FÍSICA
Extensión 271 p.
440 #0 - MENCIÓN DE SERIE/ASIENTO SECUNDARIO--TÍTULO
Título Economía y demografía
650 #2 - ASIENTO SECUNDARIO DE MATERIA - TERMINO TEMATICO
Término de materia o nombre geográfico como elemento de entrada Política económica
9 (RLIN) 1147
650 #4 - ASIENTO SECUNDARIO DE MATERIA - TERMINO TEMATICO
Término de materia o nombre geográfico como elemento de entrada Gastos públicos
9 (RLIN) 11580
700 1# - ASIENTO SECUNDARIO--NOMBRE DE PERSONAL
Nombre de persona Sierra Castro, Enrique,
Término indicativo de función/relación coaut.
905 ## - TIPO DE MATERIAL
Tipo de material Libro
Holdings
Estado de retiro Estado de pérdida Fuente del sistema de clasificación o colocación Estado dañado No para préstamo Código de colección Localización permanente Ubicación/localización actual Ubicación en estantería Total de préstamos Clasificación Código de barras Fecha visto por última vez Número de copia Tipo de ítem Koha
    Library of Congress Classification     Colección General Bib. Gregorio Torres Quintero Bib. Gregorio Torres Quintero Planta baja 2 HD85 E8 C5.8 1989 166964 31/12/2020 1 Libro
    Library of Congress Classification     Colección General Bib. Gregorio Torres Quintero Bib. Gregorio Torres Quintero Planta baja 3 HD85 E8 C5.8 1989 89638 31/12/2020 1 Libro
    Library of Congress Classification     Colección General Bib. Gregorio Torres Quintero Bib. Gregorio Torres Quintero Planta baja 2 HD85 E8 C5.8 1989 166963 31/12/2020 1 Libro
    Library of Congress Classification     Colección General Bib. Gregorio Torres Quintero Bib. Gregorio Torres Quintero Planta baja 5 HD85 E8 C5.8 1989 89639 31/12/2020 1 Libro
    Library of Congress Classification     Colección General Bib. Gregorio Torres Quintero Bib. Gregorio Torres Quintero Planta baja 4 HD85 E8 C5.8 1989 89637 31/12/2020 1 Libro
    Library of Congress Classification     Colección General Bib. Gregorio Torres Quintero Bib. Gregorio Torres Quintero Planta baja 4 HD85 E8 C5.8 1989 166962 31/12/2020 1 Libro